000
00230nam a2200097Ia 4500
008
120527s9999 xx 000 0 und d
100
_a
Schwartz, H. F. etal
245
_a
Bean production problems.
260
_b
C I A T
942
_c
BK
999
_c
15216
_d
15216